[Event "Novokuznetsk SFO-ch U15 Girls"]
[Site "Novokuznetsk"]
[Date "2014.11.04"]
[Round "3"]
[White "Akyamsova, Diana"]
[Black "Dzhabrailova, Diana"]
[Result "1-0"]
[WhiteElo "700"]
[BlackElo "700"]
[PlyCount "147"]
[EventDate "2014.11.02"]
[EventType "swiss"]
[EventRounds "9"]
[EventCountry "RUS"]
[SourceTitle "CBM 163 Extra"]
[Source "ChessBase"]
[SourceDate "2014.12.23"]
[SourceVersion "1"]
[SourceVersionDate "2014.12.23"]
[SourceQuality "1"]

1. d4 d5 2. c4 e6 3. Nc3 Nf6 4. Bg5 h6 5. Bh4 Be7 6. e3 c6 7. Nf3 Nfd7 8. Bxe7 Qxe7 9. Rc1 Nb6 10. c5 Nc4 11. b3 Na3 12. Qd2 Bd7 13. Qb2 Nb5 14. a4 Nc7 15. Bd3 0-0 16. 0-0 f6 17. Qc2 Kh8 18. Nh4 Be8 19. Bg6 f5 20. g3 Rf6 21. Bxe8 Qxe8 22. Ne2 Nd7 23. Nf3 Qh5 24. Ne5 Nf8 25. Nf4 Qe8 26. Qe2 Nd7 27. Qh5 Nxe5 28. Qxe8+ Rxe8 29. dxe5 Rf7 30. b4 Rd7 31. Rfd1 Red8 32. Ne2 b5 33. cxb6 axb6 34. Rxc6 Rb8 35. Rdc1 Rb7 36. Nd4 Re7 37. h3 Kg8 38. g4 fxg4 39. hxg4 Kf7 40. Kg2 Na6 41. Rb1 g6 42. Nb5 Kg7 43. Nd6 Rb8 44. a5 Rc7 45. Rxb6 Rxb6 46. Ne8+ Kh7 47. Nxc7 Rc6 48. Nxa6 Rxa6 49. Kf1 h5 50. g5 Kg7 51. Ke2 Kf7 52. Kd2 Ra8 53. Kc3 h4 54. Rh1 Rh8 55. b5 Ke7 56. Kb4 Kd7 57. a6 Kc7 58. Kc5 Kb8 59. Kc6 Ka7 60. Ra1 h3 61. b6+ Ka8 62. a7 Rc8+ 63. Kd7 Kb7 64. a8Q+ Rxa8 65. Rxa8 Kxa8 66. Kc7 h2 67. b7+ Ka7 68. b8Q+ Ka6 69. Qb1 d4 70. exd4 Ka5 71. Kc6 Ka4 72. Kc5 Ka3 73. Kc4 h1Q 74. Qb3# 1-0

[Event "Novokuznetsk SFO-ch U15 Girls"]
[Site "Novokuznetsk"]
[Date "2014.11.02"]
[Round "1"]
[White "Bezverhaya, Marina"]
[Black "Dzhabrailova, Diana"]
[Result "1-0"]
[WhiteElo "1642"]
[BlackElo "700"]
[PlyCount "69"]
[EventDate "2014.11.02"]
[EventType "swiss"]
[EventRounds "9"]
[EventCountry "RUS"]
[SourceTitle "CBM 163 Extra"]
[Source "ChessBase"]
[SourceDate "2014.12.23"]
[SourceVersion "1"]
[SourceVersionDate "2014.12.23"]
[SourceQuality "1"]

1. e4 e5 2. Nf3 Nc6 3. d4 d6 4. dxe5 Nxe5 5. Nxe5 dxe5 6. Qxd8+ Kxd8 7. Nc3 Bd7 8. Bc4 c6 9. Bxf7 Nf6 10. Bg5 Be7 11. Bxf6 Bxf6 12. Rd1 Kc7 13. 0-0 Rhf8 14. Bh5 g6 15. Be2 Rad8 16. h3 Kb8 17. a3 a6 18. Na4 Be6 19. Nc5 Rxd1 20. Rxd1 Re8 21. Rd6 Rd8 22. Rxd8+ Bxd8 23. Nxe6 Be7 24. b4 Ka7 25. Nc5 a5 26. Nd3 axb4 27. axb4 Bd6 28. g3 Kb6 29. f4 exf4 30. gxf4 Bb8 31. c4 Kc7 32. Kg2 Kd7 33. Kf3 Ke6 34. Nc5+ Kf6 35. Nd7+ 1-0